00533pab a2200169 454500008004000000100002500040245009300065260000900158300001300167362001000180650002200190650003400212650002700246650003400273650002200307773003400329180718b2009 xxu||||| |||| 00| 0 eng d asundaram, Jomo Kwame aExport-oriented industrialisation, female employment and gender wage equity in East Asia c2009 ap.41-49. a3 Jan aWages - East Asia aIndustrialization - East Asia aEmployment - East Asia aWomens employment - East Asia aWomens employment aEconomic and Political Weekly